000 00551nam a2200181Ia 4500
008 240925s9999 xx 000 0 und d
020 _a9788126508051
082 _a005 TIA
100 _aTian, Jeff
245 0 _aSoftware Quality Engineering: testing ,quality assurance and quantifiable improvement
250 _aNA
260 _aNew Delhi:
_bJohn Wiley & Sons
_c,2005.
300 _axxxvi,744p.
_bNA
_fOriginal
500 _aIncludes Index
600 _aComputer Science
650 _aComputer science, information & general works
942 _cBK
999 _c12282
_d12282